| 000 | 00000nam##2200000za#4500 |
| 001 | 9.640515 |
| 003 | CaOODSP |
| 005 | 20210624222717 |
| 007 | cr ||||||||||| |
| 008 | 150407|2002||||xxc|||||o f|0| 0 fre|d |
| 040 | |aCaOODSP|bfre |
| 043 | |an-cn--- |
| 086 | 1 |aH39-622/2002F-PDF |
| 110 | 1 |aCanada. |bSanté Canada. |
| 245 | 10|aÉtat stable: parvenir à un equilibre qui soit durable : |h[ressource électronique]|bexamen international de la planification des effectifs de la santé / |cPréparé par Ann L. Mable et John Marriott pour la Division des stratégies des ressources humaines de la santé Santé Canada. |
| 260 | |aOttawa - Ontario : |bSanté Canada |cc2002. |
| 300 | |a82p.|bréférences, tableaux |
| 500 | |aLe n° de catalogue (H39-622/2002) et l'ISBN (0-662-66561-9) de l'édition imprimée bilingue ont été incorrectement copiés dans l'édition électronique. |
| 590 | |a12-32-Supp|b2012-07-11 |
| 775 | 08|tSteady state: finding a sustainable balance point : |w(CaOODSP)9.696399 |
| 856 | 40|ahttp://publications.gc.ca|qPDF|s816 Ko|uhttps://publications.gc.ca/collections/collection_2012/sc-hc/H39-622-2002-fra.pdf |